[Event "SVK-chT2D 1213 +"]
[Site "Slovakia"]
[Date "2012.10.13"]
[Round "1.4"]
[White "Marvanyi, Milan"]
[Black "Borovsky, Adam"]
[Result "1-0"]
[WhiteElo "1812"]
[BlackElo "1985"]
[PlyCount "85"]
[EventDate "2012.10.13"]
[EventType "team-tourn"]
[EventRounds "11"]
[EventCountry "SVK"]
[SourceTitle "EXT 2015"]
[Source "ChessBase"]
[SourceDate "2014.11.20"]
[SourceVersion "1"]
[SourceVersionDate "2014.11.20"]
[SourceQuality "1"]
[WhiteTeam "Presov Tatran"]
[BlackTeam "Kosice Slavia UPJS III"]
[WhiteTeamCountry "SVK"]
[BlackTeamCountry "SVK"]

1. e4 d6 2. d4 Nf6 3. Nc3 g6 4. Nf3 Bg4 5. Be2 Bg7 6. 0-0 0-0 7. Be3 Nbd7 8. h3 Bxf3 9. Bxf3 c6 10. Ne2 Qc7 11. c3 b5 12. a3 Rac8 13. Rc1 Nb6 14. b3 Rfd8 15. Ng3 a5 16. Be2 h5 17. Bd3 a4 18. b4 Nfd7 19. f4 e5 20. f5 Nc4 21. Bxc4 bxc4 22. fxg6 fxg6 23. d5 c5 24. Qxa4 Ra8 25. Qb5 cxb4 26. cxb4 Rxa3 27. Rxc4 Qb8 28. Qxb8 Rxb8 29. Rf3 Rb3 30. Bd2 Rb2 31. Nf1 Nf6 32. Ra3 Ne8 33. Ra7 Bf6 34. g3 Bd8 35. Be3 Nf6 36. Ra6 Ne8 37. h4 Re2 38. Bf2 Nf6 39. Be3 Ng4 40. Ba7 Ra8 41. b5 Re1 42. Bf2 Rxa6 43. bxa6 1-0

[Event "SVK-chT2D 1112"]
[Site "Slovakia"]
[Date "2011.12.04"]
[Round "6.2"]
[White "Marvanyi, Milan"]
[Black "Ducay, Miroslav"]
[Result "1-0"]
[WhiteElo "1823"]
[BlackElo "2013"]
[PlyCount "95"]
[EventDate "2011.10.08"]
[EventType "team-tourn"]
[EventRounds "11"]
[EventCountry "SVK"]
[SourceTitle "EXT 2013"]
[Source "ChessBase"]
[SourceDate "2012.11.22"]
[SourceVersion "1"]
[SourceVersionDate "2012.11.22"]
[SourceQuality "1"]
[WhiteTeam "Presov Tatran"]
[BlackTeam "Presov Tatran Dason"]
[WhiteTeamCountry "SVK"]
[BlackTeamCountry "SVK"]

1. e4 e5 2. Nf3 Nc6 3. Bb5 a6 4. Ba4 Nf6 5. d3 d6 6. c3 Be7 7. h3 0-0 8. 0-0 h6 9. Be3 b5 10. Bc2 Bd7 11. Nbd2 Re8 12. Re1 Bf8 13. Nf1 g6 14. Ng3 Kh7 15. Kh2 Bg7 16. Qd2 Qe7 17. a4 Rad8 18. axb5 axb5 19. Bb3 Be6 20. Bxe6 Qxe6 21. Ra6 Qd7 22. Rea1 Ng8 23. Qc2 f5 24. exf5 gxf5 25. Nxf5 Qxf5 26. Rxc6 Qd7 27. Rca6 Qf5 28. Qe2 Nf6 29. Nd2 Rf8 30. f3 Nd5 31. Ne4 Nxe3 32. Qxe3 h5 33. Qg5 Bh6 34. Qxf5+ Rxf5 35. Ra7 Rf7 36. Rb7 h4 37. Raa7 Bf4+ 38. Kh1 Rdd7 39. Rxb5 Be3 40. Rab7 Kg6 41. Rb8 c6 42. Ra5 d5 43. Nc5 Ra7 44. Nb3 e4 45. dxe4 dxe4 46. Rg8+ Kh7 47. Rg4 Bf2 48. Rh5# 1-0

[Event "SVK-chT2D 1112"]
[Site "Slovakia"]
[Date "2011.12.03"]
[Round "5.2"]
[White "Marvanyi, Milan"]
[Black "Sabol, Jan"]
[Result "0-1"]
[WhiteElo "1823"]
[BlackElo "1918"]
[PlyCount "88"]
[EventDate "2011.10.08"]
[EventType "team-tourn"]
[EventRounds "11"]
[EventCountry "SVK"]
[SourceTitle "EXT 2013"]
[Source "ChessBase"]
[SourceDate "2012.11.22"]
[SourceVersion "1"]
[SourceVersionDate "2012.11.22"]
[SourceQuality "1"]
[WhiteTeam "Presov Tatran"]
[BlackTeam "Presov Slavia PU"]
[WhiteTeamCountry "SVK"]
[BlackTeamCountry "SVK"]

1. d4 Nf6 2. c4 e6 3. Nc3 Bb4 4. Bd2 0-0 5. e3 d5 6. Nf3 Nbd7 7. a3 Bxc3 8. Bxc3 Ne4 9. Bd3 f5 10. 0-0 c6 11. Rc1 Ndf6 12. c5 Bd7 13. b4 Be8 14. Ne5 Nd7 15. f4 Nxe5 16. dxe5 Nxc3 17. Rxc3 d4 18. Rc2 dxe3 19. Qe2 a5 20. Qxe3 axb4 21. axb4 Ra3 22. Rd2 Bh5 23. h3 Qd5 24. g4 fxg4 25. hxg4 Bxg4 26. Qg3 Bf5 27. Rf3 Rd8 28. Rg2 g6 29. Be2 Ra1+ 30. Rf1 Rda8 31. Qc3 R8a3 32. Qc4 Bh3 33. Qxd5 cxd5 34. Rgf2 Bxf1 35. Bxf1 R1a2 36. b5 Rxf2 37. Kxf2 Rc3 38. Ke2 Rxc5 39. Ke3 b6 40. Kf3 h5 41. Kg3 Kg7 42. Kf3 Kh6 43. Ke3 Rc1 44. Be2 Re1 0-1

[Event "SVK-chT2D 10/11"]
[Site "Slovakia"]
[Date "2011.01.08"]
[Round "5.4"]
[White "Marvanyi, Milan"]
[Black "Belus, Benjamin"]
[Result "1-0"]
[WhiteElo "1856"]
[BlackElo "1987"]
[PlyCount "125"]
[EventDate "2010.10.23"]
[EventType "team-tourn"]
[EventRounds "11"]
[EventCountry "SVK"]
[SourceTitle "EXT 2019"]
[Source "ChessBase"]
[SourceDate "2018.10.10"]
[SourceVersion "1"]
[SourceVersionDate "2018.10.10"]
[SourceQuality "1"]
[WhiteTeam "Presov Tatran"]
[BlackTeam "Presov Slavia PU"]
[WhiteTeamCountry "SVK"]
[BlackTeamCountry "SVK"]

1. e4 c5 2. Nf3 e6 3. d4 cxd4 4. Nxd4 Nc6 5. Be2 Nf6 6. f3 d5 7. exd5 Qxd5 8. Nxc6 Qxc6 9. Nc3 a6 10. Be3 Bc5 11. Qd2 0-0 12. 0-0-0 b5 13. Bxc5 Qxc5 14. Qd4 Qc7 15. Bd3 Bb7 16. Ne4 Nxe4 17. Bxe4 Rfd8 18. Qe3 Rxd1+ 19. Rxd1 Rc8 20. g3 Bxe4 21. Qxe4 a5 22. Qd3 h6 23. Kb1 Qc5 24. f4 a4 25. a3 b4 26. axb4 Qxb4 27. Qa3 Qc4 28. Qd3 Qc5 29. Rd2 Rb8 30. Qd6 Qb5 31. Qa3 Qf1+ 32. Ka2 Qc1 33. Re2 Qd1 34. Qd3 Qc1 35. Qc3 Kh8 36. Re4 Qh1 37. Rxa4 Qxh2 38. b3 Rd8 39. g4 Qe2 40. f5 e5 41. Qc4 Qd2 42. Kb2 f6 43. Ra7 Qd4+ 44. Qxd4 Rxd4 45. Ra4 Rd8 46. Re4 Kh7 47. c4 h5 48. gxh5 Kh6 49. Rg4 Rd2+ 50. Kc3 Rf2 51. Rg6+ Kh7 52. h6 Rxf5 53. hxg7 Kg8 54. c5 e4 55. b4 e3 56. Kd3 Rf4 57. c6 Rf1 58. Kxe3 Rb1 59. Rg4 Rc1 60. b5 f5 61. Rg6 Rc5 62. b6 Re5+ 63. Kf4 1-0

[Event "SVK-chT2D 10/11"]
[Site "Slovakia"]
[Date "2010.10.23"]
[Round "1.5"]
[White "Kontra, Miroslav"]
[Black "Marvanyi, Milan"]
[Result "1-0"]
[WhiteElo "1872"]
[BlackElo "1856"]
[PlyCount "57"]
[EventDate "2010.10.23"]
[EventType "team-tourn"]
[EventRounds "11"]
[EventCountry "SVK"]
[SourceTitle "EXT 2019"]
[Source "ChessBase"]
[SourceDate "2018.10.10"]
[SourceVersion "1"]
[SourceVersionDate "2018.10.10"]
[SourceQuality "1"]
[WhiteTeam "Michalovce Zemplin II"]
[BlackTeam "Presov Tatran"]
[WhiteTeamCountry "SVK"]
[BlackTeamCountry "SVK"]

1. e4 e5 2. Nf3 Nc6 3. d4 exd4 4. Bc4 Be7 5. 0-0 d6 6. Nxd4 Nxd4 7. Qxd4 Nf6 8. Bg5 0-0 9. Nd2 h6 10. Bh4 Ng4 11. Bxe7 Qxe7 12. c3 Ne5 13. Bb3 Be6 14. Bc2 Qh4 15. f4 Nc6 16. Qd3 f5 17. exf5 Rxf5 18. Rae1 Bd7 19. Qc4+ d5 20. Qd3 Raf8 21. Nf3 Qf6 22. g3 Qd6 23. Nh4 R5f6 24. Qh7+ Kf7 25. Nf3 Bf5 26. Bxf5 Qc5+ 27. Kg2 d4 28. Bc2 dxc3 29. Bb3+ 1-0

[Event "SVK-chT1E 0809"]
[Site "Slovakia"]
[Date "2009.03.08"]
[Round "11.3"]
[White "Tomcik, Milan"]
[Black "Marvanyi, Milan"]
[Result "1/2-1/2"]
[WhiteElo "2104"]
[BlackElo "1831"]
[PlyCount "86"]
[EventDate "2008.10.18"]
[EventType "team-tourn"]
[EventRounds "11"]
[EventCountry "SVK"]
[SourceTitle "EXT 2010"]
[Source "ChessBase"]
[SourceDate "2010.11.25"]
[SourceVersion "1"]
[SourceVersionDate "2010.11.25"]
[SourceQuality "1"]
[WhiteTeam "Rajecke Teplice"]
[BlackTeam "Presov Tatran"]
[WhiteTeamCountry "SVK"]
[BlackTeamCountry "SVK"]

1. e4 e5 2. Nf3 Nc6 3. Bc4 Bc5 4. c3 Nf6 5. d3 h6 6. b4 Bd6 7. 0-0 0-0 8. Na3 a6 9. Nc2 Re8 10. a4 Ne7 11. Ne3 c6 12. Nh4 Bc7 13. Bb3 d5 14. f3 Bb6 15. Kh1 Bxe3 16. Bxe3 g5 17. Qe1 Kg7 18. Nf5+ Nxf5 19. exf5 Bxf5 20. Qd2 Nh7 21. g4 Bg6 22. a5 f6 23. Rae1 Qd7 24. h3 Bf7 25. Bg1 Nf8 26. d4 Ng6 27. Bc2 Nf4 28. dxe5 Rxe5 29. Bd4 Rxe1 30. Rxe1 Bg6 31. Bxg6 Nxg6 32. Qe3 Kf7 33. Bc5 Re8 34. Qxe8+ Qxe8 35. Rxe8 Kxe8 36. Kh2 Nf4 37. Be3 Ne6 38. h4 Kf7 39. Kg3 Kg6 40. h5+ Kf7 41. Kf2 Ke7 42. Ba7 Kf7 43. Ke3 f5 1/2-1/2

[Event "SVK-chT1E 0809"]
[Site "Slovakia"]
[Date "2008.11.23"]
[Round "4.1"]
[White "Marvanyi, Milan"]
[Black "Fedorko, Stefan"]
[Result "0-1"]
[WhiteElo "1831"]
[BlackElo "2153"]
[PlyCount "110"]
[EventDate "2008.10.18"]
[EventType "team-tourn"]
[EventRounds "11"]
[EventCountry "SVK"]
[SourceTitle "EXT 2010"]
[Source "ChessBase"]
[SourceDate "2010.11.25"]
[SourceVersion "1"]
[SourceVersionDate "2010.11.25"]
[SourceQuality "1"]
[WhiteTeam "Presov Tatran"]
[BlackTeam "Bardejov BSK"]
[WhiteTeamCountry "SVK"]
[BlackTeamCountry "SVK"]

1. e4 e5 2. Nf3 Nf6 3. Nxe5 d6 4. Nf3 Nxe4 5. Qe2 Qe7 6. d3 Nf6 7. Qxe7+ Bxe7 8. Be2 0-0 9. 0-0 Nc6 10. Bd2 Bg4 11. a3 Rae8 12. Re1 h6 13. Nc3 a6 14. h3 Bh5 15. Rac1 Bd8 16. g4 Bg6 17. Bf1 Nd7 18. Rxe8 Rxe8 19. Re1 Nce5 20. Nxe5 dxe5 21. f4 f5 22. Bg2 c6 23. fxe5 fxg4 24. hxg4 Nxe5 25. Be4 Bf7 26. Na4 Nxg4 27. Nc5 Bb6 28. b4 Nf6 29. Bf5 a5 30. Rxe8+ Nxe8 31. d4 axb4 32. axb4 Nd6 33. Bh3 g5 34. c3 Bd5 35. Be1 Ba7 36. Bg3 Nb5 37. Be1 b6 38. Nd7 Kg7 39. Bf1 Nd6 40. Ne5 b5 41. Bg2 Ne4 42. Bxe4 Bxe4 43. Nd7 Kf7 44. Bg3 Ke6 45. Nc5+ Kd5 46. Be5 Bxc5 47. bxc5 Kc4 48. Kf2 Kxc3 49. d5+ Kc4 50. dxc6 Bxc6 51. Bg7 b4 52. Bxh6 b3 53. Bg7 Kd3 54. Kg3 Bd7 55. c6 Bc8 0-1

[Event "SVK-ch Region"]
[Site "Slovakia"]
[Date "2006.07.01"]
[Round "1"]
[White "Franko, Viliam"]
[Black "Marvanyi, Milan"]
[Result "0-1"]
[WhiteElo "1441"]
[BlackElo "1833"]
[PlyCount "52"]
[EventDate "2006.06.04"]
[EventType "swiss"]
[EventRounds "9"]
[EventCountry "SVK"]
[SourceTitle "EXT 2007"]
[Source "ChessBase"]
[SourceDate "2006.11.23"]
[SourceVersion "1"]
[SourceVersionDate "2006.11.23"]
[SourceQuality "1"]

1. e4 c5 2. Nf3 d6 3. Nc3 e6 4. Be2 a6 5. a3 Be7 6. d4 cxd4 7. Nxd4 Nf6 8. 0-0 0-0 9. Re1 Nc6 10. Nxc6 bxc6 11. Bf3 d5 12. e5 Nd7 13. b4 Qc7 14. Bf4 c5 15. Bxd5 Rb8 16. Be4 f5 17. Bd5 Nb6 18. bxc5 Qxc5 19. Qf3 exd5 20. e6 Rb7 21. Re5 Bf6 22. Rxf5 Qxc3 23. Qxc3 Bxc3 24. Rxf8+ Kxf8 25. Bd6+ Ke8 26. Bb4 Bxa1 0-1

[Event "SVK-ch Region"]
[Site "Sklene Teplice"]
[Date "2005.??.??"]
[Round "?"]
[White "Marvanyi, Milan"]
[Black "Stransky, Lubomir"]
[Result "0-1"]
[WhiteElo "1851"]
[BlackElo "2044"]
[PlyCount "44"]
[EventDate "2005.??.??"]
[EventType "swiss"]
[EventRounds "9"]
[EventCountry "SVK"]
[SourceTitle "EXT 2007"]
[Source "ChessBase"]
[SourceDate "2006.11.23"]
[SourceVersion "1"]
[SourceVersionDate "2006.11.23"]
[SourceQuality "1"]

1. d4 e6 2. c4 d5 3. e3 Nf6 4. Nf3 Nbd7 5. Bd3 Be7 6. 0-0 0-0 7. Nc3 c5 8. cxd5 exd5 9. dxc5 Nxc5 10. Bc2 Bg4 11. h3 Bh5 12. g4 Bg6 13. Bxg6 hxg6 14. Nd4 Rc8 15. Bd2 Bd6 16. Qe2 Qe7 17. f3 Rfe8 18. b4 Ncd7 19. a3 Ne5 20. Rfe1 Nc4 21. g5 Nh5 22. h4 Qe5 0-1